<?xml version="1.0" encoding="UTF-8"?>
<record
    xmlns:xsi="http://www.w3.org/2001/XMLSchema-instance"
    xsi:schemaLocation="http://www.loc.gov/MARC21/slim http://www.loc.gov/standards/marcxml/schema/MARC21slim.xsd"
    xmlns="http://www.loc.gov/MARC21/slim">

  <leader>02180    a2200193   4500</leader>
  <controlfield tag="001">37799</controlfield>
  <controlfield tag="005">20260407155644.0</controlfield>
  <controlfield tag="008">260407a1971    arg                 spa d</controlfield>
  <controlfield tag="003">AR-UNSa-BCEJYS</controlfield>
  <datafield tag="040" ind1=" " ind2=" ">
    <subfield code="a">AR-UNSa-BCEJYS</subfield>
    <subfield code="b">spa</subfield>
    <subfield code="c">AR-UNSa-BCEJYS</subfield>
  </datafield>
  <datafield tag="080" ind1=" " ind2=" ">
    <subfield code="a">658.81</subfield>
    <subfield code="x">Organizaci&#xF3;n de las ventas
</subfield>
  </datafield>
  <datafield tag="245" ind1="1" ind2="0">
    <subfield code="a">Teor&#xED;a y pr&#xE1;ctica de la venta</subfield>
  </datafield>
  <datafield tag="264" ind1=" " ind2="1">
    <subfield code="a">Madrid :</subfield>
    <subfield code="b">Ediciones Rialp</subfield>
    <subfield code="c">1971</subfield>
  </datafield>
  <datafield tag="300" ind1=" " ind2=" ">
    <subfield code="a">606 p.</subfield>
    <subfield code="c">23 cm.</subfield>
  </datafield>
  <datafield tag="505" ind1=" " ind2=" ">
    <subfield code="a">1. El papel de la venta personal en el marketing - 2. C&#xF3;mo se forma un vendedor eficaz - 3. C&#xF3;mo usted mismo podr&#xE1; vender - 4. Conversi&#xF3;n del conocimiento sobre la oferta al lenguaje del posible cliente - 5. La psicolog&#xED;a en el trato y persuasi&#xF3;n en la venta personal - 7. La exposici&#xF3;n selectiva al posible cliente o la aquiescencia para recibir a determinados vendedores - 8. La percepci&#xF3;n selectiva del posible cliente y la retenci&#xF3;n del mensaje de la venta - 9. Acci&#xF3;n selectiva: Cambio de actitudes, ideas y pareceres - 10. El vendedor y los aspectos situacionales de la persuaci&#xF3;n - 11. La teor&#xED;a est&#xED;mulo-respuesta en la ventas - 12. F&#xF3;rmula de sugerencias mentales utilizada en la venta - 13. La estrategia de venta necesidad -satisfacci&#xF3;n - 14. La soluci&#xF3;n de problemas y la idea de servicio utilizados en la venta - 15. Estrategia de m&#xE9;todo de venta en profundidad - 16. M&#xE9;todos de venta a grupo y por equipo- 17. Selecci&#xF3;n de posibles clientes y utilizaci&#xF3;n del tel&#xE9;fono y del correo como auxiliares de la venta personal - 18. Obtenci&#xF3;n de la entrevista e iniciaci&#xF3;n de la venta - 19. Influjo de las llamadas de venta sobre el cliente potencial - 20. Comprensi&#xF3;n y tratamiento de las objeciones - 21. Imaginaci&#xF3;n y t&#xE9;cnicas para obtener decisiones de compra - 22. T&#xE9;cnicas para tratar los problemas sobre precio.Descuentos y cr&#xE9;ditos - 23. El cuidado de los clientes y el fomento de la buena predisposici&#xF3;n - 24. Por qu&#xE9; es contraproducente la persuasi&#xF3;n falaz y confusionaria - 25. Eficaces actitudes y h&#xE1;bitos de trabajo del buen vendedor - 26. El futuro de la venta personal y de los vendedores eficaces.</subfield>
  </datafield>
  <datafield tag="942" ind1=" " ind2=" ">
    <subfield code="c">BK</subfield>
  </datafield>
  <datafield tag="590" ind1=" " ind2=" ">
    <subfield code="a">niveau_biblio:m niveau_hierar:0</subfield>
  </datafield>
  <datafield tag="100" ind1="1" ind2=" ">
    <subfield code="a">Stroh, Thomas F.</subfield>
  </datafield>
  <datafield tag="999" ind1=" " ind2=" ">
    <subfield code="c">2806</subfield>
    <subfield code="d">2806</subfield>
  </datafield>
  <datafield tag="952" ind1=" " ind2=" ">
    <subfield code="0">0</subfield>
    <subfield code="1">0</subfield>
    <subfield code="4">0</subfield>
    <subfield code="7">0</subfield>
    <subfield code="a">BCEJYS</subfield>
    <subfield code="b">BCEJYS</subfield>
    <subfield code="c">16</subfield>
    <subfield code="d">2026-04-07</subfield>
    <subfield code="l">0</subfield>
    <subfield code="o">658.81 S919</subfield>
    <subfield code="p">L23414</subfield>
    <subfield code="r">2026-04-07 15:56:44</subfield>
    <subfield code="w">2026-04-07</subfield>
    <subfield code="y">L</subfield>
  </datafield>
  <datafield tag="952" ind1=" " ind2=" ">
    <subfield code="0">0</subfield>
    <subfield code="1">0</subfield>
    <subfield code="4">0</subfield>
    <subfield code="7">0</subfield>
    <subfield code="a">BCEJYS</subfield>
    <subfield code="b">BCEJYS</subfield>
    <subfield code="c">16</subfield>
    <subfield code="d">2026-04-07</subfield>
    <subfield code="l">0</subfield>
    <subfield code="o">658.81 S919</subfield>
    <subfield code="p">L23415</subfield>
    <subfield code="r">2026-04-07 15:56:44</subfield>
    <subfield code="w">2026-04-07</subfield>
    <subfield code="y">L</subfield>
  </datafield>
</record>
